ბათუმის შოთა რუსთაველის სახელმწიფო უნივერსიტეტის ბიბლიოთეკა

ეს შენი უფლებაა (ბიბ.ჩანაწერი № 34740)

000 -LEADER
fixed length control field 00631nam a2200229Ia 4500
001 - CONTROL NUMBER
control field 529
003 - CONTROL NUMBER IDENTIFIER
control field GE_BSU
008 - FIXED-LENGTH DATA ELEMENTS--GENERAL INFORMATION
fixed length control field 181216s||||||||xx |||||||||||||| ||und||
020 ## - INTERNATIONAL STANDARD BOOK NUMBER
International Standard Book Number 9789941404986
040 ## - CATALOGING SOURCE
Transcribing agency GE_BSU
080 ## - UNIVERSAL DECIMAL CLASSIFICATION NUMBER
Universal Decimal Classification number 342.7
245 ## - TITLE STATEMENT
Title ეს შენი უფლებაა
245 ## - TITLE STATEMENT
Statement of responsibility, etc. რედ. ხარებავა მადონა
260 ## - PUBLICATION, DISTRIBUTION, ETC.
Place of publication, distribution, etc. თბილისი
260 ## - PUBLICATION, DISTRIBUTION, ETC.
Name of publisher, distributor, etc. ნეკერი
260 ## - PUBLICATION, DISTRIBUTION, ETC.
Date of publication, distribution, etc. 2009
300 ## - PHYSICAL DESCRIPTION
Extent 84 გვ.
653 ## - INDEX TERM--UNCONTROLLED
Uncontrolled term ბავშვთა უფლებები
653 ## - INDEX TERM--UNCONTROLLED
Uncontrolled term ეს შენი უფლებაა
942 ## - ADDED ENTRY ELEMENTS (KOHA)
Koha item type წიგნი
ეგზემპლარები
Withdrawn status Lost status Damaged status Not for loan Date acquired Barcode Date last seen Price effective from Koha item type
        2018-12-17 1169 2018-12-17 2018-12-17 წიგნი